El arte de vender : como vencer la resistencia del comprador

Bibliographic Details
Main Author: Goldstein, Albert
Format: Section = Libro
Language:Undetermined
Spanish
Published: México Mexicana S.A. 1984
Edition:2a.ed.
Subjects:
LEADER 00526nam a2200193Ia 4500
008 240829s9999 xx 000 0 und d
020 |a 968-66-0015-9 
040 |a BIBLIOTECA-RUPAP 658.85 G624 
041 |a spa 
082 |a 658.85 G624 
100 1 |a Goldstein, Albert 
245 1 0 |a El arte de vender : como vencer la resistencia del comprador 
250 |a 2a.ed. 
260 |a México  |b Mexicana S.A.  |c 1984 
300 |a 210 p. :il. 
650 7 |a PUBLICIDAD COMERCIAL. I. Tít. 
942 |c BK  |2 ddc 
991 |a TEXTO 
999 |c 10120